Miejscowość, którą znamy z Biblii. - Statystyki

Ogólne statystyki
  • Ten quiz został rozwiązany 362 razy
  • Średni wynik to 3 z 7
Statystyki odpowiedzi
Odpowiedź % Poprawnych
Jerozolima
93%
Betlejem
85%
Nazaret
64%
Jerycho
34%
Gomora
23%
Sodoma
22%
Betania
10%
Nie znaleziono quizów pasujących do podanych kryteriów
Rozkład punktacji
Procent ludzi z każdym wynikiem
Percentyl według liczby udzielonych odpowiedzi
Twoja historia wyników
Nie rozwiązałeś tego quizu